| 000 | 00501nam a22001337a 4500 | ||
|---|---|---|---|
| 008 | 160528b xxu||||| |||| 00| 0 eng d | ||
| 082 |
_22004 _aUT 0122 _bY29 |
||
| 100 |
_99647 _aYbañez, Genevieve Labra. |
||
| 245 |
_aThe integrated Sangguniang Kabataan organizational leadership and reorientation program/ _cGenevieve Labra Ybañez. |
||
| 260 |
_aDigos City: _bUMDC _cMach 2004. |
||
| 300 |
_a50 pages; _c29 cm. |
||
| 650 | 0 |
_99644 _aLiberal Arts _vPolitical Science _xUndergraduate thesis. |
|
| 942 |
_2ddc _cUT |
||
| 999 |
_c2903 _d2903 |
||